书目信息 |
| 题名: |
《中华人民共和国广告法》实用问答
|
|
| 作者: | 王超英 主编 | |
| 分册: | ||
| 出版信息: | 北京 红旗出版社 1994 |
|
| 页数: | 285页 | |
| 开本: | 19cm | |
| 丛书名: | 新法实用问答丛书 | |
| 单 册: | ||
| 中图分类: | D922.294.5 | |
| 科图分类: | ||
| 主题词: | 广告法--基本知识--中国 | |
| 电子资源: | ||
| ISBN: | 978-7-80068-355-8 | |
| 000 | 00764nam2 2200241 450 | |
| 001 | 0100558146 | |
| 005 | 20100706124555.0 | |
| 010 | @a978-7-80068-355-8@dCNY9.80@z7-80068-335-9 | |
| 100 | @a20021005d1994 em y0chiy0110 ea | |
| 101 | 0 | @achi |
| 102 | @aCN@b110000 | |
| 105 | @ay z 000yy | |
| 106 | @ar | |
| 200 | 1 | @a《中华人民共和国广告法》实用问答@9《 Zhong Hua Ren Min Gong He;Huo;Hu Guo Guang;An Gao Fa 》 Shi Yong Wen Da @f王超英等主编@b专著 |
| 210 | @a北京@c红旗出版社@d1994 | |
| 215 | @a285页@d19cm | |
| 225 | 2 | @a新法实用问答丛书 |
| 410 | 0 | @12001 @a新法实用问答丛书 |
| 606 | 0 | @a广告法@x基本知识@y中国 |
| 690 | @aD922.294.5@v3 | |
| 701 | 0 | @a王超英@9wang chao ying@4主编 |
| 801 | 0 | @aCN@bAiZhiMarc |
| 905 | @aBZT@dD922.29@e220@f2@sD922.29/220 | |
| 《中华人民共和国广告法》实用问答/王超英等主编.-北京:红旗出版社,1994 |
| 285页;19cm.-(新法实用问答丛书) |
| ISBN 978-7-80068-355-8:CNY9.80 |
| ● |
| 相关链接 |
|
|
|
正题名:《中华人民共和国广告法》实用问答
索取号:D922.29/220
 
预约/预借
| 序号 | 登录号 | 条形码 | 馆藏地/架位号 | 状态 | 备注 |
| 1 | 2000115132 | 2000115132 | 旧书回溯/ [索取号:D922.29/220] | 在馆 | |
| 2 | 2000115133 | 2000115133 | 旧书回溯/ [索取号:D922.29/220] | 在馆 |